| 000 | 01161pam a2200361 a 4500 | ||
|---|---|---|---|
| 001 | 016156285 | ||
| 003 | OSt | ||
| 005 | 20201128021034.0 | ||
| 008 | 120827t2013 xxka frbd 001 0 eng d | ||
| 020 | _a9781119941897 (pbk.) | ||
| 020 | _a111994189X (pbk.) | ||
| 020 | _z9781118600221 (iebk) | ||
| 020 | _z9781118591062 (ebk) | ||
| 020 | _z9781118591055 (ebk) | ||
| 020 | _z9781118560426 (ebk) | ||
| 040 |
_aStDuBDS _beng _cStDuBDS _dUk |
||
| 082 | 0 | 4 |
_a658.4012 _222 _bGRA |
| 100 | 1 |
_aGrant, Robert M., _d1948- _935695 |
|
| 245 | 1 | 0 |
_aContemporary strategy analysis : _btext and cases / _cRobert M. Grant. |
| 250 | _a8th ed. | ||
| 260 |
_aChichester, United Kingdom : _bJohn Wiley & Sons Ltd., _cc.2013 _e([Rome] : _fTrento) |
||
| 300 |
_axviii, 822 p. : _bill. ; _c25 cm. |
||
| 500 | _aGlossary : p. 793-798. | ||
| 500 | _aIndex : p. 799-822. | ||
| 500 | _aIncludes interactive e-book. | ||
| 504 | _aIncludes bibliographical references. | ||
| 530 | _aAlso issued online. | ||
| 650 | 0 |
_aStrategic planning _91643 |
|
| 650 | 0 |
_aBusiness planning _93321 |
|
| 653 |
_bBUSADM _cMarch2014 |
||
| 655 |
_vtext book _933728 |
||
| 942 |
_2ddc _k658.4012 GRA |
||
| 999 |
_c18125 _d18097 |
||